000
00232 a2200097 4500
001
33056
100
_a
Gentle,R
245
_a
Mechanical Engineering Systems
260
_a
Boston
_b
Butterworth/Heinemann
_c
2002
090
_c
22186
_d
22186
942
_a
NUST-CAE
_c
M
_c
13543
999
_c
268129
_d
268129